000
00307nam a2200121Ia 4500
008
190216s9999||||xx |||||||||||||| ||und||
100
_a
Ruskin Bond
245
0
_a
Rain In The Mountains Notes From The Himalayas
260
_b
Penguin Books
_c
1993
300
_a
251p
650
_a
English Stories
942
_c
BK
999
_c
14053
_d
14053